Astronautes français - Statistiques

Statistiques générales
  • Ce quiz a été pris 9 fois
  • Le résultat moyen est 5 sur 12
Statistiques - réponses
Période d'activité Nom % Correct
2016 - Thomas Pesquet
100%
1996 - 2001 Claudie Haigneré
67%
1993 - 1999 Jean-Pierre Haigneré
67%
2026 - Sophie Adenot
67%
1994 - 1999 Jean-François Clervoy
33%
1982 - 1997 Jean-Loup Chrétien
33%
1985 Patrick Baudry
33%
1996 Jean-Jacques Favier
22%
1998 - 2008 Léopold Eyharts
22%
1992 - 1999 Michel Tognini
22%
2002 Philippe Perrin
22%
2024 (t) Sylvain Chiron
22%
Aucun quiz correspondant
Distribution des résultats
% des personnes avec chaque résultat
Percentile par nombre de réponses
Votre historique - résultats
Vous n’avez pas pris ce quiz